Chefs d'établissements de fiction - Statistiques

Statistiques générales
  • Ce quiz a été pris 13 fois
  • Le résultat moyen est 3 sur 16
Statistiques - réponses
Indications Univers Chefs d'établissements de fiction % Correct
Directeur de Poudlard pendant la majeure partie de la scolarité de Harry Harry Potter Albus Dumbledore
100%
Proviseur de l'Académie Orange/Raisin deMesaledo, qui se cache derrière une double identité au cours du jeu Pokémon Ecarlate et Violet Clavel
33%
Directeur de Bart et Lisa, qui dirige l'école de Springfield Les Simpson Seymour Skinner
33%
Proviseur de Yuei, le lycée le plusprestigieux pour les super-héros My Hero Academia Nezu
25%
Directeur de l'Ecole des Dresseurs à Aloladans l'anime Pokémon: Soleil et Lune Raphael Chen
25%
Elle est la doyenne de la MonstresUniversité, et donc la directrice de Bob et Sully Monstres Academy Doyenne Hardscrabble
8%
Proviseur du Collège Kunigigaokaet père du meilleur élève de son établissement Assassination Classroom Gakuho Asano
8%
Directeur de l'Académie Ninja pendantla scolarité de Boruto Boruto Iruka Umino
8%
Principal du Collège Kadic et père de Sissi Code Lyoko Jean-Pierre Delmas
8%
Directrice de l'Institut Riffler dePort-Marie Foot 2 Rue Mademoiselle Adelaide
8%
Fondateur et directeur de Shibusen, l'écolequi forme les Meisters, mais aussi le père de Death The Kid Soul Eater Maître Shinigami
8%
Directrice d'Aretuza, elle est celle quia formé Yennefer à la magie The Witcher Tissaia de Vries
8%
Directrice de l'université des fées, Alféa Winx Club Madame Faragonda
0%
Proviseur de l'école d'exorcisme de Tokyo Jujutsu Kaisen Masamichi Yaga
0%
Directeur de l'Académie Welton, et employeur du Professeur Keating Le Cercle des PoètesDisparus M.Nolan
0%
Proviseur de l'Académie Hachimitsu,à la base exclusivement pour filles, et père de Chiyo et Mari Prison School Proviseur Kurihara
0%
Aucun quiz correspondant
Distribution des résultats
% des personnes avec chaque résultat
Percentile par nombre de réponses
Votre historique - résultats
Vous n’avez pas pris ce quiz